000 00258 a2200097 4500
001 125491
040 _cEscola Canadense de Niteroi
100 _aVasconcellos, Maria José Esteves De
245 1 0 _aTerapia Familiar Sistêmica - Bases Cibernéticas
942 _cBK
999 _c125491
_d125491